Museo Diocesano y Catedralicio, Valladolid (Record no. 132169)

MARC details
000 -LEADER
campo de control de longitud fija 00601nam a2200169 4500
001 - NÚMERO DE CONTROL
campo de control 132169
003 - IDENTIFICADOR DE NÚMERO DE CONTROL
campo de control ES-MaACL
005 - FECHA Y HORA DE LA ÚLTIMA TRANSACCIÓN
campo de control 20230906194123.0
007 - CAMPO FIJO DE DESCRIPCIÓN FÍSICA--INFORMACIÓN GENERAL
campo de control de longitud fija t|
008 - DATOS DE LONGITUD FIJA--INFORMACIÓN GENERAL
campo de control de longitud fija 070214s1965 sp r ||||1| spa d
100 1# - ENTRADA PRINCIPAL--NOMBRE DE PERSONA
Nombre de persona Rodríguez Valencia, Vicente.
9 (RLIN) 98849
245 10 - MENCIÓN DEL TÍTULO
Título Museo Diocesano y Catedralicio, Valladolid
Resto del título : guía histórica /
Mención de responsabilidad, etc. por Vicente Rodríguez Valencia.
260 ## - PUBLICACIÓN, DISTRIBUCIÓN, ETC.
Lugar de publicación, distribución, etc. Valladolid :
Nombre del editor, distribuidor, etc. Dirección General de Bellas Artes,
Fecha de publicación, distribución, etc. 1965.
300 ## - DESCRIPCIÓN FÍSICA
Extensión 46 p., 20 lám. +
Material acompañante/anejo 1 plan. pleg.
710 1# - ENTRADA AGREGADA--NOMBRE DE ENTIDAD CORPORATIVA
Nombre de entidad corporativa o nombre de jurisdicción como elemento de entrada España.
Unidad subordinada Dirección General de Bellas Artes.
9 (RLIN) 3704
852 ## - LOCALIZACIÓN
Ubicación ES-MaACL
Número de control de estantería C-28292
Sublocalización o colección R.56948
Holdings
Estatus retirado Estado de pérdida Estado de daño No para préstamo Biblioteca de origen Biblioteca actual Ubicación en estantería Fecha de adquisición Fuente de adquisición Total de préstamos Signatura topográfica completa Código de barras Visto por última vez Precio de reemplazo Tipo de ítem Koha
        Biblioteca del Ateneo de Madrid Biblioteca del Ateneo de Madrid Depósito 2 17/01/2008     C-28292 1137601 23/02/2023 23/02/2023 Libro impreso